000 00470nam a2200145Ia 4500
008 221007s9999 xx 000 0 und d
041 _aeng
082 _bGHO
100 _aGholap Kiran Sopan - 2K111037 & Prof. Jyoti Gaikwad - Guide
_9102276
245 _aStudy of Supply Chain Management System for a New Product Launch by Jain Irrigation System Ltd.
260 _c2013
_bPune University
_aJalgaon
300 _a53p
520 _aPantawane Nivedita
906 _bGeneral
999 _c69438
_d69438